000
00446nam a2200133Ia 4500
008
100328s9999 xx 000 0 und d
082
_b
47788
100
_a
ढवळे केशव भिकाजी
245
_a
मोडी लिपी भाग-3
260
_b
ानंजय बाळकृष्ण ढवळे
630
_a
मोडी लिपी भाग-3
730
_a
मोडी लिपी भाग-3
942
_c
BOOK
999
_c
535512
_d
535509